Electromagnetismo: conceptos y aplicaciones

Saved in:
Bibliografiske detaljer
Main Authors: Dubroff, Richard E (Author), Marshall, S. V (Author), Skitek, G. G (Author)
Format: Bog
Sprog:spansk
Udgivet: Ciudad de México Prentice Hall Hispanoamericana 1997
Fag:
Tags: Tilføj Tag
Ingen Tags, Vær først til at tagge denne postø!

MARC

LEADER 00000nam a2200000 a 4500
001 UCM6995
003 CL-VaPUC
008 021129e19970000MX |||||||||||||||||spa|d
082 0 4 |a 537  |b DUB  |2 21 
100 0 |a Dubroff, Richard E  |e author  |9 472697 
700 0 |a Marshall, S. V  |e author  |9 472698 
700 0 |a Skitek, G. G  |e author  |9 472699 
245 1 0 |a Electromagnetismo: conceptos y aplicaciones 
300 |a 734 p 
942 |c BK 
945 |d 20021129 00:00:00  |a vberengu 
260 |a Ciudad de México  |b Prentice Hall Hispanoamericana  |c 1997 
650 0 |a Electromagnetismo   |9 260123 
650 7 |a CAMPOS ELECTRICOS  |2 CL-VaPUC  |9 472700 
650 7 |a CAMPOS MAGNETICOS  |2 CL-VaPUC  |9 472701 
650 0 |a Ondas electromagnéticas  |9 354947 
583 |a last modification  |c 20021129 00:00:00  |k Rodrigo Vera 
999 |c 302032  |d 302030 
952 |0 0  |1 0  |2 ddc  |4 0  |6 537_000000000000000_DUB_1997  |7 0  |8 A  |9 362010  |a BIBING  |b BIBING  |c RES  |d 2019-11-21  |i 3865673  |l 1  |o 537 DUB 1997  |p 3865673  |r 2025-01-20  |s 2024-10-03  |w 2019-11-21  |y BK  |k EIE